01489nam a2200253 a 450000100060000000300090000600800410001502000150005604000280007108200170009924501010011626000550021730000080027249000290028050502540030959001360056365000600069965000540075994200120081399900170082595201290084295201320097195201320110321229CO-ViMGA141112s2004 ck r 000 u spa d a9582005394 aCO-ViMGAbspacCO-ViMGA04a371.262 C15410aCamino a la universidad : bEl nuevo examen de estado : bEvaluación de competencias básicas aBogotá; Cooperativa editorial Magisterio, c2000 a375 aColección aula abierta aPruebas del núcleo común Biología, física, Química, Historia, Geografía 155 - - Pruebas del compenente flexible nivel de profundización 266 - - interdisciplinar Medio ambiente, Medios de comunicación y cultura, Sociedad y valores 351 aForma de adquisición : Compra fact. 0855 - - Precio : 34000 - - Proveedor : Temas y libros - - Fecha de adquisición : Mayo 200714aEXAMENES DE ADMISION A LA UNIVERSIDAD - COLOMBIA93026014aMEDICIONES Y PRUEBAS EDUCATIVAS - COLOMBIA930261 2ddccBK c29867d29867 00102ddc40708GENaMECUMARAbMECUMARAcGENd2024-06-05l0o371.26C15pCUM00325r2024-06-05 21:08:00tEj.1w2024-06-05yBK 00102ddc40708GENaMERESTREbMERESTREcGENd2025-07-18l0o371.262 C154pRES00589r2025-07-18 15:18:28tEj.1w2025-07-18yBK 00102ddc40708GENaMECUMARAbMECUMARAcGENd2025-09-15l0o371.262 C154pCUM01146r2025-09-15 21:17:44tEj.1w2025-09-15yBK